Giáo trình tội phạm học

Trình bày những kiến thức tổng quan về tội phạm học và vị trí của tội phạm học trong hệ thống các khoa học, lịch sử các học thuyết tội phạm học trên thế giới, tình hình tội phạm và nguyên nhân, điều kiện của tình hình tội phạm, nhân th...

Descripción completa

Guardado en:
Detalles Bibliográficos
Autor principal: Võ Thị Kim Oanh (Chủ biên)
Otros Autores: Nguyễn Thị Phương Hoa, Nguyễn Huỳnh Bảo Khánh, Phạm Thái, Lê Nguyên Thanh (Chủ biên)
Formato: Libro
Lenguaje:Vietnamese
Publicado: H. Hồng Đức ; Hội Luật gia Việt Nam 2015
Materias:
Etiquetas: Agregar Etiqueta
Sin Etiquetas, Sea el primero en etiquetar este registro!
Thư viện lưu trữ: Thư viện Trường Đại học Nam Cần Thơ
LEADER 02856aam a22003618a 4500
001 NCT_11502
008 130718s2013 ||||||viesd
999 |c 551  |d 551 
020 |c 48000  |a 9786048636807 
082 0 4 |2 23rd ed.  |a 345.59702  |b O408 
100 1 |a Võ Thị Kim Oanh  |e Chủ biên 
245 1 0 |a Giáo trình tội phạm học  |c Chủ biên.: Võ Thị Kim Oanh, Lê Nguyên Thanh 
260 |a H.  |b Hồng Đức ; Hội Luật gia Việt Nam  |c 2015 
300 |a 338tr.  |b bảng  |c 21cm 
500 |a ĐTTS ghi: Trường đại học Luật Tp. Hồ Chí Minh 
520 3 |a Trình bày những kiến thức tổng quan về tội phạm học và vị trí của tội phạm học trong hệ thống các khoa học, lịch sử các học thuyết tội phạm học trên thế giới, tình hình tội phạm và nguyên nhân, điều kiện của tình hình tội phạm, nhân thân của người phạm tội... 
653 |a Luật học 
655 7 |a Giáo trình 
700 1 |a Nguyễn Thị Phương Hoa 
700 1 |a Nguyễn Huỳnh Bảo Khánh 
700 1 |a Phạm Thái 
700 1 |a Lê Nguyên Thanh  |e Chủ biên 
942 |2 ddc  |c BK 
952 |0 0  |1 0  |2 ddc  |4 0  |6 345_597020000000000_O408  |7 0  |9 14398  |a 000001  |b 000001  |d 2018-10-03  |l 1  |o 345.59702 O408  |p MD.02742  |r 2020-10-22  |s 2020-09-24  |v 48000.00  |w 2018-10-03  |y BK 
952 |0 0  |1 0  |2 ddc  |4 0  |6 345_597020000000000_O408  |7 0  |9 14399  |a 000001  |b 000001  |d 2018-10-03  |l 4  |m 1  |o 345.59702 O408  |p MD.02743  |r 2021-04-27  |s 2021-04-09  |v 48000.00  |w 2018-10-03  |y BK 
952 |0 0  |1 0  |2 ddc  |4 0  |6 345_597020000000000_O408  |7 0  |9 14400  |a 000001  |b 000001  |d 2018-10-03  |l 2  |m 1  |o 345.59702 O408  |p MD.02744  |r 2020-11-13  |s 2020-10-22  |v 48000.00  |w 2018-10-03  |y BK 
952 |0 0  |1 0  |2 ddc  |4 0  |6 345_597020000000000_O408  |7 0  |9 14401  |a 000001  |b 000001  |d 2018-10-03  |l 2  |m 1  |o 345.59702 O408  |p MD.02745  |r 2021-04-12  |s 2021-04-03  |v 48000.00  |w 2018-10-03  |y BK 
952 |0 0  |1 0  |2 ddc  |4 0  |6 345_597020000000000_O408  |7 0  |9 14402  |a 000001  |b 000001  |d 2018-10-03  |l 1  |o 345.59702 O408  |p MD.02746  |r 2020-07-09  |s 2020-07-02  |v 48000.00  |w 2018-10-03  |y BK 
952 |0 0  |1 0  |2 ddc  |4 0  |6 345_597020000000000_O408  |7 0  |9 14403  |a 000001  |b 000001  |d 2018-10-03  |l 2  |m 1  |o 345.59702 O408  |p MD.02747  |r 2021-05-31  |s 2021-04-27  |v 48000.00  |w 2018-10-03  |y BK 
952 |0 0  |1 0  |2 ddc  |4 0  |6 345_597020000000000_O408  |7 0  |9 14404  |a 000001  |b 000001  |d 2018-10-03  |l 1  |o 345.59702 O408  |p MD.02748  |r 2019-12-03  |s 2019-11-29  |v 48000.00  |w 2018-10-03  |y BK 
952 |0 0  |1 0  |2 ddc  |4 0  |6 345_597020000000000_O408  |7 0  |9 14405  |a 000001  |b 000001  |d 2018-10-03  |o 345.59702 O408  |p MD.02749  |r 2018-10-03  |v 48000.00  |w 2018-10-03  |y BK 
952 |0 0  |1 0  |2 ddc  |4 0  |6 345_597020000000000_O408  |7 0  |9 14406  |a 000001  |b 000001  |d 2018-10-03  |o 345.59702 O408  |p MD.02750  |r 2018-10-03  |v 48000.00  |w 2018-10-03  |y BK 
980 |a Thư viện Trường Đại học Nam Cần Thơ